موسوعة شرح أحكام نظام العاملين المدنيين بالدورة : (Record no. 47443)
[ view plain ]
| 000 -LEADER | |
|---|---|
| fixed length control field | 01472nam a2200313 i 4500 |
| 003 - CONTROL NUMBER IDENTIFIER | |
| control field | EG-GICUC |
| 005 - DATE AND TIME OF LATEST TRANSACTION | |
| control field | 20260121101407.0 |
| 008 - FIXED-LENGTH DATA ELEMENTS--GENERAL INFORMATION | |
| fixed length control field | 251129s2006 ua ||||fr|||| 00| 0 ara d |
| 040 ## - CATALOGING SOURCE | |
| Original cataloging agency | EG-GICUC |
| Language of cataloging | ara |
| Transcribing agency | EG-GICUC |
| Modifying agency | EG-GICUC |
| Description conventions | rda |
| 041 0# - LANGUAGE CODE | |
| Language code of text/sound track or separate title | ara |
| 082 04 - DEWEY DECIMAL CLASSIFICATION NUMBER | |
| Edition number | 21 |
| Classification number | 345.4 |
| Item number | خ ا . م |
| 092 04 - LOCALLY ASSIGNED DEWEY CALL NUMBER (OCLC) | |
| Edition number | 21 |
| 099 ## - LOCAL FREE-TEXT CALL NUMBER (OCLC) | |
| Classification number | Law1 07 345.4 خ ا . م 2006 |
| 245 10 - TITLE STATEMENT | |
| Title | موسوعة شرح أحكام نظام العاملين المدنيين بالدورة : |
| Remainder of title | في ضوء أحكام المحكمة الإدارية العليا وفتاوى الجمعية العمومية طبيقاً لأحدث التعديلات، |
| Number of part/section of a work | المجلد الثاني / |
| Statement of responsibility, etc. | المستشار الدكتور خالد عبد الفتاح محمد. |
| 264 #1 - PRODUCTION, PUBLICATION, DISTRIBUTION, MANUFACTURE, AND COPYRIGHT NOTICE | |
| Place of production, publication, distribution, manufacture | الإسكندرية : |
| Name of producer, publisher, distributor, manufacturer | دار الحقانية، |
| Date of production, publication, distribution, manufacture, or copyright notice | 2006. |
| 300 ## - PHYSICAL DESCRIPTION | |
| Extent | 714 ؛صفحة |
| Dimensions | 24 سم. |
| Other physical details | إيضاحيات، صور، مثيليات ؛ |
| 336 ## - CONTENT TYPE | |
| Source | rda content |
| Content type term | text |
| 337 ## - MEDIA TYPE | |
| Source | rda media |
| Media type term | Computer |
| 338 ## - CARRIER TYPE | |
| Source | rda carrier |
| Carrier type term | Online Resource |
| 504 ## - BIBLIOGRAPHY, ETC. NOTE | |
| Bibliography, etc. note | . 240-220 ببليوجرافيا: صفحات. |
| 505 ## - FORMATTED CONTENTS NOTE | |
| Formatted contents note | أحكام الترقية - ضم مدد الخدمة - ضم مدة الخدمة العسكرية. |
| 546 ## - LANGUAGE NOTE | |
| Language note | النص باللغة العربية |
| 650 14 - SUBJECT ADDED ENTRY--TOPICAL TERM | |
| Form subdivision | الوظيفة العامة |
| Source of heading or term | qrmak |
| 650 14 - SUBJECT ADDED ENTRY--TOPICAL TERM | |
| Topical term or geographic name entry element | القانون الإداري |
| Source of heading or term | qrmak |
| 651 1# - SUBJECT ADDED ENTRY--GEOGRAPHIC NAME | |
| Source of heading or term | qrmak |
| 856 40 - ELECTRONIC LOCATION AND ACCESS | |
| Uniform Resource Identifier | <a href="https://fll.law.cu.edu.eg/fulltext/bks/B07-01182.pdf">https://fll.law.cu.edu.eg/fulltext/bks/B07-01182.pdf</a> |
| 905 ## - Cataloger and Reviser Names | |
| Cataloger Name: | Sara El-Gendy |
| Revisor Name: | Yara |
| 942 ## - ADDED ENTRY ELEMENTS (KOHA) | |
| Source of classification or shelving scheme | Dewey Decimal Classification |
| Koha item type | Books |
| Edition | 21 |
| Suppress in OPAC | No |
| Withdrawn status | Lost status | Source of classification or shelving scheme | Materials specified (bound volume or other part) | Damaged status | Not for loan | Collection | Home library | Current library | Date acquired | Total checkouts | Full call number | Barcode | Date last seen | Copy number | Price effective from | Koha item type |
|---|---|---|---|---|---|---|---|---|---|---|---|---|---|---|---|---|
| Dewey Decimal Classification | V2 | Not for loan | القانون الإداري | جــــامعة القــاهرة | مكتبة كلية الحقوق - المبنى الرئيسي | 29.11.2025 | Law1 07 345.4 خ ا . م 2006 0701182 V2, C1 | B07-01182 | 29.11.2025 | 1 | 29.11.2025 | Books | ||||
| Dewey Decimal Classification | V2 | القانون الإداري | جــــامعة القــاهرة | مكتبة كلية الحقوق - المبنى الرئيسي | 29.11.2025 | Law1 07 345.4 خ ا . م 2006 0701208 V2, C2 | B07-01208 | 29.11.2025 | 2 | 29.11.2025 | Books |